header

The Cameroon GCE crisis (Record no. 50241)

MARC details
000 -LEADER
fixed length control field 01352nam a2200337 a 4500
245 04 - TITLE STATEMENT
Title The Cameroon GCE crisis
260 ## - PUBLICATION, DISTRIBUTION, ETC. (IMPRINT)
Place of publication Mankon, Bamenda :
Name of publisher Langaa Research & Pub. CIG,
Year of publication c2008.
300 ## - PHYSICAL DESCRIPTION
Number of Pages xi, 363 p. :
Other physical details ill.
650 #0 - SUBJECT ADDED ENTRY--TOPICAL TERM
Topical Term General certificate of education examination (Great Britain)
Topical Term Educational tests and measurements
700 1# - ADDED ENTRY--PERSONAL NAME
Personal name Nyamnjoh, Francis B.,
Personal name Akum, Richard Fonteh.
856 40 - ELECTRONIC LOCATION AND ACCESS
Uniform Resource Identifier http://site.ebrary.com/lib/rucke/Doc?id=10333815

No items available.

© 2026 Rongo University
Contact us: librarian | system librarian | Rongo university